Classement ATP 2024 - Statistiques

Statistiques générales
  • Ce quiz a été pris 217 fois
  • Le résultat moyen est 41 sur 100
Statistiques - réponses
Position Joueur Points Pays % Correct
#3 Carlos Alcaraz 7300 Espagne
100%
#1 Novak Djokovic 9960 Serbie
100%
#4 Alexander Zverev 6305 Allemagne
99%
#5 Daniil Medvedev 6295 Russie
97%
#2 Jannik Sinner 8770 Italie
97%
#7 Casper Ruud 4425 Norvège
94%
#13 Holger Rune 2700 Danemark
94%
#9 Stéfanos Tsitsipás 3700 Grèce
91%
#11 Alex de Minaur 3490 Australie
81%
#6 Andrey Rublev 4700 Russie
81%
#10 Grigor Dimitrov 3555 Bulgarie
80%
#12 Taylor Fritz 2980 États-Unis
77%
#8 Hubert Hurkacz 3885 Pologne
74%
#21 Félix Auger-Aliassime 1885 Canada
73%
#37 Gaël Monfils 1155 France
73%
#16 Ugo Humbert 2285 France
73%
#15 Ben Shelton 2500 États-Unis
71%
#38 Arthur Fils 1145 France
70%
#26 Frances Tiafoe 1630 États-Unis
67%
#17 Alexander Bublik 2110 Kazakhstan
66%
#27 Francisco Cerúndolo 1590 Argentine
64%
#22 Adrian Mannarino 1865 France
63%
#18 Karen Khachanov 2090 Russie
60%
#19 Nicolás Jarry 2075 Chili
59%
#14 Tommy Paul 2655 Étas-Unis
57%
#79 Corentin Moutet 720 France
54%
#20 Sebastián Báez 1990 Argentine
54%
#30 Lorenzo Musetti 1370 Italie
53%
#25 Tallon Griekspoor 1635 Pays-Bas
51%
#29 Tomás Martín Etcheverry 1550 Argentine
50%
#24 Alejandro Tabilo 1645 Chili
47%
#75 Andy Murray 728 Royaume-Uni
46%
#28 Sebastian Korda 1565 États-Unis
46%
#23 Jiří Lehečka 1685 Tchéquie
44%
#35 Matteo Arnaldi 1165 Italie
43%
#98 Stanislas Wawrinka 628 Suisse
43%
#39 Jack Draper 1131 Royame-Uni
39%
#34 Tomáš Macháč 1185 Tchéquie
39%
#32 Alejandro Davidovich Fokina 1280 Espagne
37%
#88 Hugo Gaston 673 France
37%
#41 Jan-Lennard Struff 1090 Allemagne
37%
#49 Lorenzo Sonego 991 Italie
37%
#40 Luciano Darderi 1092 Italie
37%
#51 Alexei Popyrin 961 Australie
36%
#69 Arthur Rinderknech 772 France
34%
#54 Márton Fucsovics 922 Hongrie
34%
#57 Miomir Kecmanović 880 Serbie
34%
#47 Nuno Borges 1006 Portugal
34%
#100 Thanasi Kokkinakis 623 Australie
34%
#73 Borna Ćorić 744 Croatie
31%
#84 Brandon Nakashima 700 États-Unis
31%
#43 Fábián Marozsán 1083 Hongrie
31%
#59 Alexander Shevchenko 855 Kazakhstan
30%
#53 Flavio Cobolli 940 Italie
30%
#31 Mariano Navone 1339 Argentine
30%
#81 Roberto Bautista-Agut 715 Espagne
30%
#62 Daniel Evans 831 Royame-Uni
29%
#76 Jakub Menšík 728 Tchéquie
29%
#66 Giovanni Mpetshi Perricard 786 France
27%
#52 Laslo Djere 960 Serbie
27%
#97 Matteo Berrettini 630 Italie
27%
#42 Roman Safiullin 1087 Russie
27%
#86 Thiago Monteiro 685 Brésil
27%
#70 Yoshihito Nishioka 766 Japon
27%
#77 Arthur Cazaux 725 France
26%
#83 Daniel Altmaier 702 Allemagne
26%
#93 Fabio Fognini 648 Italie
26%
#64 Jaume Munar 810 Espagne
26%
#45 Sebastian Ofner 1038 Autriche
26%
#95 Sumit Nagal 635 Inde
26%
#58 Thiago Seyboth Wild 855 Brésil
26%
#67 Emil Ruusuvuori 783 Finlande
24%
#60 Alex Michelsen 835 États-Unis
23%
#36 Jordan Thompson 1156 Australie
23%
#50 Marcos Giron 990 États-Unis
23%
#48 Pedro Martínez 995 Espagne
23%
#63 Roberto Carballés Baena 816 Eqpagne
23%
#90 Alexandre Müller 670 France
21%
#46 Christopher Eubanks 1028 États-Unis
20%
#68 Christopher O'Connell 772 Australie
19%
#61 Dušan Lajović 831 Serbie
19%
#85 Yannick Hanfmann 697 Allemagne
19%
#65 Dominik Koepfer 807 Allemagne
17%
#55 Facundo Díaz Acosta 908 Argentine
17%
#80 Taro Daniel 715 Japon
17%
#82 Aslan Karatsev 705 Russie
16%
#72 Luca Nardi 748 Italie
16%
#44 Zhang Zhizhen 1056 Chine
16%
#91 Constant Lestienne 669 France
14%
#94 Max Purcell 647 Australie
14%
#56 Pavel Kotov 892 Russie
14%
#78 Rinky Hijikata 723 Australie
14%
#96 Adam Walton 635 Australie
13%
#87 Aleksandar Kovacevic 681 États-Unis
13%
#89 Aleksandar Vukic 672 Australie
11%
#71 Federico Coria 761 Argentine
11%
#99 Francisco Comesana 626 Argentine
11%
#74 Mackenzie McDonald 735 États-Unis
10%
#33 Cameron Norris 1230 Royaume-Uni
6%
#92 Shang Juncheng 660 Chine
6%
Aucun quiz correspondant
Distribution des résultats
% des personnes avec chaque résultat
Percentile par nombre de réponses
Votre historique - résultats
Vous n’avez pas pris ce quiz